000 00377nam a2200145Ia 4500
008 220216s9999 xx 000 0 und d
100 _aGhangurde G A
245 0 _aEmission trading and carbon credits: An overview
260 _bRubber India
_c2008
300 _a25-28
650 _aCarbon credits
650 _aEmission reductions
650 _aKyoto protocol
942 _cJS
999 _c58578
_d58578